| 000 | 009880000a22002770004500 | ||
|---|---|---|---|
| 001 | 50635 | ||
| 010 | _a972-730-134-7 | ||
| 021 |
_aPT _b147444/2000 |
||
| 100 | _a20131202d2013 e y0pory5003 ba | ||
| 101 | 0 | _apor | |
| 102 | _aPT | ||
| 200 | 1 |
_aQuem tirou os meus morangos _eum livro sobre o prazer de partilhar _ftrad. Cristina Soeiro |
|
| 210 |
_aRio Tinto _cMarus _d2000 |
||
| 215 |
_a29, [2] p. _cil. _d31 cm |
||
| 225 | 2 | _aBiblioteca de valores | |
| 606 |
_92095 _aLiteratura infantil _xConto |
||
| 606 |
_9689 _aComportamento -- [Publicações infantis] _xEgoísmo -- [Publicações infantis] |
||
| 675 |
_a821.131.1-34 _vBN _zpor |
||
| 675 |
_a17.02 _vBN _zpor |
||
| 675 |
_a087.5-053.5 _vBN _zpor |
||
| 702 | 1 |
_943687 _4730 _aSoeiro _bCristina |
|
| 801 |
_aPT _c20131202 |
||
| 859 |
_uhttp://bmcl.cm-camaradelobos.pt/capas/quem%20tirou%20os%20meus%20morangos.jpg _zcapa |
||
| 090 | _a50635 | ||
| 942 |
_cMON _n0 |
||
| 999 | _a50635 | ||